000 00588nam a22002177a 4500
003 UA-OsUOA
001 63424
007 ta
008 20091005b un ||||| |||| 00| 0 ukr d
100 _aТугай Л.
090 _a94(477)
_bТ81
942 _cSA
040 _aUA-OsUOA
_bukr
_cUA-OsUOA
_dUA-OsUOA
245 _aЄвген Грицак: Історію творять мученики, а не мучителі
300 _aС.9
955 _a0
041 _aukr
080 _a94(477)
773 0 _w63422
650 7 _a9 Географія. Біографії. Історія
_2UDC
999 _c349523
_d349523